Wettbewerbspolitik

Guardado en:
Detalles Bibliográficos
Autor principal: Herdzina, Klaus
Formato: Libro
Lenguaje:alemán
Publicado: Stuttgart Fischer 1993
Edición:4. überarb. Aufl.
Colección:Uni-Taschenbücher 1294
Materias:
Etiquetas: Agregar Etiqueta
Sin Etiquetas, Sea el primero en etiquetar este registro!

MARC

LEADER 00000nam a2200000 4500
001 c011649
005 20221214083217.6
020 |a 3-8252-1294-7 
041 0 |a ger 
044 |a DE 
245 1 0 |a Wettbewerbspolitik  |c Klaus Herdzina 
250 |a 4. überarb. Aufl. 
264 1 |a Stuttgart  |b Fischer  |c 1993 
300 |a 274 s. 
490 1 |a Uni-Taschenbücher  |v 1294 
830 0 |a Uni-Taschenbücher  |v 1294 
610 2 0 |a konkurencia 
610 2 0 |a politika 
610 2 0 |a hospodárstvo trhové 
610 2 0 |a právo 
610 2 0 |a USA 
610 2 0 |a Európske spoločenstvá 
610 2 0 |a Nemecko 
100 1 |a Herdzina, Klaus